MARC

LEADER 00000nam0a2200000 4500
001 188036
005 20231031174652.0
035 |a (RuTPU)RU\TPU\book\204112 
090 |a 188036 
100 |a 20101130d1963 km y0rusy50 ca 
101 0 |a rus 
102 |a RU 
105 |a a z 001zy 
200 1 |a Металловедение электрических контактов  |f В. В. Усов 
210 |a Москва  |c Госэнергоиздат  |d 1963  |a Ленинград 
215 |a 208 с.  |c ил. 
320 |a Библиогр.: с. 204-208. 
610 1 |a металловедение 
610 1 |a электрические контакты 
610 1 |a металлы 
610 1 |a сплавы 
610 1 |a контакты 
610 1 |a разрывные контакты 
610 1 |a коррозия 
610 1 |a изолирующие пленки 
610 1 |a контактные материалы 
610 1 |a благородные металлы 
610 1 |a неблагородные металлы 
610 1 |a платиновая группа 
610 1 |a тугоплавкие металлы 
610 1 |a композиции 
610 1 |a окиси металлов 
610 1 |a контактные узлы 
610 1 |a испытание 
610 1 |a применение 
675 |a 621.316.5  |v 3 
700 1 |a Усов  |b В. В.  |g Владимир Васильевич 
801 1 |a RU  |b 63413507  |c 20101130 
801 2 |a RU  |b 63413507  |c 20190905  |g RCR 
942 |c BK